Student workbook for use with Microecomics (Record no. 862)

MARC details
000 -LEADER
fixed length control field 00436nam a2200145 4500
020 ## - INTERNATIONAL STANDARD BOOK NUMBER
ISBN 9780071093040
050 ## - CALL NUMBER
Classification number HB172
100 ## - AUTHOR
Personal name Copeland, Douglas W
-- Colander, David C
245 ## - TITLE
Title Student workbook for use with Microecomics
Statement of responsibility, etc [by] David C. Colander
250 ## - EDITION
Edition statement 3rd
260 ## - PUBLICATION INFORMATION
Place of publication Boston, Mass. :
Name of publisher Irwin McGraw-Hill,
Year of publication ©1998.
300 ## - DESCRIPTION
Number of Pages viii, 241 pages :
Other physical details illustrations ;
Dimensions 28 cm
650 ## - SUBJECTS
Topical Term Microeconomics.
942 ## - ADDED ENTRY ELEMENTS (KOHA)
Koha item type Books
Holdings
Withdrawn status Lost status Home library Current library Date acquired Full call number Accession Number Koha item type
    Methodist University Library Wenchi Faculty Methodist University Library Wenchi Faculty 14/11/2017 HB172 21479 Books
Copyright © 2026  MUG Library